[Event "Quebec op"]
[Site "Montreal CAN"]
[Date "1989.07.25"]
[Round "4"]
[White "Malinowski, Michel"]
[Black "Cazelais, Marc"]
[Result "0-1"]
[WhiteElo "1887"]
[BlackElo "2015"]
[PlyCount "61"]
[GameId "2160767912502561"]
[EventDate "1989.07.22"]
[EventType "swiss"]
[EventRounds "8"]
[EventCountry "CAN"]
[SourceTitle "hb 2009.04"]

1. e4 e5 2. Nf3 Nc6 3. Bc4 Nf6 4. Ng5 d5 5. exd5 Na5 6. Bb5+ c6 7. dxc6 bxc6 8. Be2 h6 9. Nf3 e4 10. Ne5 Bd6 11. f4 exf3 12. Nxf3 O-O 13. d4 Re8 14. O-O c5 15. c3 Bb7 16. Nbd2 Ng4 17. Nc4 Bxf3 18. Rxf3 Nxc4 19. Bxc4 Qh4 20. Bxf7+ Kh8 21. Bxe8 Rxe8 22. Be3 Qxh2+ 23. Kf1 Rxe3 24. Rf8+ Bxf8 25. Qxg4 Re7 26. Kf2 cxd4 27. Rd1 Rf7+ 28. Ke2 Qe5+ 29. Kd3 Qe3+ 30. Kc2 Rf2+ 31. Kb3 0-1

[Event "Quebec op"]
[Site "Montreal CAN"]
[Date "1989.07.25"]
[Round "4"]
[White "Mercille, Pierre"]
[Black "Bray, Ronald"]
[Result "0-1"]
[WhiteElo "1918"]
[BlackElo "1988"]
[PlyCount "66"]
[GameId "2160767912502562"]
[EventDate "1989.07.22"]
[EventType "swiss"]
[EventRounds "8"]
[EventCountry "CAN"]
[SourceTitle "EXT 2022"]
[Source "ChessBase"]
[SourceDate "2021.10.06"]
[SourceVersion "1"]
[SourceVersionDate "2021.10.06"]
[SourceQuality "1"]

1. Nf3 c5 2. b3 d6 3. Bb2 e5 4. e4 g6 5. g3 Bg7 6. Bg2 Ne7 7. Nc3 Nbc6 8. d3 O-O 9. Qd2 Rb8 10. h4 Nd4 11. h5 f5 12. hxg6 hxg6 13. Ng5 f4 14. gxf4 exf4 15. O-O-O Nec6 16. Nh3 f3 17. Bf1 Qh4 18. Nd5 Bh6 19. Ne3 g5 20. c3 g4 21. cxd4 cxd4 22. Qc2 Be6 23. Kb1 dxe3 24. fxe3 gxh3 25. d4 Nb4 26. Bxh3 Bxh3 27. Qc4+ d5 28. Qxb4 Bxe3 29. Qd6 Qxe4+ 30. Ka1 Bf4 31. Rdg1+ Bg2 32. Qd7 Rf7 33. Qg4+ Rg7 0-1

[Event "Quebec op"]
[Site "Montreal CAN"]
[Date "1989.07.25"]
[Round "4"]
[White "Morin, Yves"]
[Black "Gladu, Pierre"]
[Result "1-0"]
[WhiteElo "2328"]
[BlackElo "1924"]
[PlyCount "81"]
[GameId "2160767912502563"]
[EventDate "1989.07.22"]
[EventType "swiss"]
[EventRounds "8"]
[EventCountry "CAN"]
[SourceTitle "hb 2009.04"]

1. e4 c5 2. Nc3 d6 3. g3 g6 4. Bg2 Bg7 5. d3 Nc6 6. Nh3 e6 7. Nf4 Nge7 8. h4 h6 9. Be3 Rb8 10. Qd2 b5 11. h5 g5 12. Nfe2 Nd4 13. f4 gxf4 14. gxf4 Qa5 15. Nc1 Qb6 16. Nd1 b4 17. c3 bxc3 18. bxc3 Ndc6 19. O-O Bd7 20. Kh1 Qa5 21. Ne2 c4 22. Ng3 Rg8 23. Bf2 cxd3 24. Qxd3 Nc8 25. Re1 Qd8 26. Ne2 Nb4 27. Qd2 Rb5 28. Bf3 Na6 29. Nd4 Ra5 30. Ne3 e5 31. Nb3 exf4 32. Nf5 Re5 33. Nxg7+ Rxg7 34. Qxf4 Qg5 35. Qh2 Qf6 36. Nd4 Nc7 37. Bh4 Reg5 38. Bxg5 Rxg5 39. Rg1 Ne6 40. Rxg5 Qxg5 41. Nf5 1-0

[Event "Quebec op"]
[Site "Montreal CAN"]
[Date "1989.07.25"]
[Round "4"]
[White "Spraggett, Grant"]
[Black "Billard, Michel"]
[Result "0-1"]
[WhiteElo "2259"]
[BlackElo "2086"]
[PlyCount "81"]
[GameId "2160767912502564"]
[EventDate "1989.07.22"]
[EventType "swiss"]
[EventRounds "8"]
[EventCountry "CAN"]
[SourceTitle "hb 2009.04"]

1. c4 f5 2. g3 Nf6 3. Nf3 e6 4. Bg2 Be7 5. O-O O-O 6. d3 d6 7. Nc3 Nc6 8. Rb1 a5 9. a3 Qe8 10. d4 Bd8 11. b4 axb4 12. axb4 Kh8 13. c5 Ne4 14. Nxe4 fxe4 15. Ng5 d5 16. b5 Ne7 17. f3 h6 18. Nh3 exf3 19. Rxf3 Rxf3 20. exf3 Bd7 21. Bf1 Nf5 22. g4 Nh4 23. f4 Bf6 24. Kh1 Ra2 25. Be3 Ra3 26. Bd3 Nf3 27. Bc1 Rxd3 28. Qxd3 Nxd4 29. g5 e5 30. gxf6 Bf5 31. fxg7+ Kg8 32. Qf1 Bxb1 33. fxe5 Be4+ 34. Kg1 Qg6+ 35. Kf2 Qg4 36. Ke3 Nf5+ 37. Kd2 Bg2 38. Qd3 Qxh3 39. Qe2 Qf3 40. e6 Qxe2+ 41. Kxe2 0-1

[Event "Quebec op"]
[Site "Montreal CAN"]
[Date "1989.07.26"]
[Round "5"]
[White "Berube, Richard"]
[Black "Picard, Jean"]
[Result "1-0"]
[WhiteElo "2156"]
[BlackElo "1907"]
[PlyCount "101"]
[GameId "2160767912502565"]
[EventDate "1989.07.22"]
[EventType "swiss"]
[EventRounds "8"]
[EventCountry "CAN"]
[SourceTitle "hb 2012"]

1. d4 Nf6 2. c4 g6 3. Nc3 d5 4. cxd5 Nxd5 5. e4 Nxc3 6. bxc3 Bg7 7. Bc4 c5 8. Ne2 Nc6 9. Be3 O-O 10. O-O Bg4 11. f3 Na5 12. Bd3 cxd4 13. cxd4 Be6 14. Rc1 Bxa2 15. Qa4 Be6 16. d5 a6 17. Rfd1 Bd7 18. Qb4 b5 19. Nd4 Bxd4 20. Bxd4 Nb7 21. e5 e6 22. d6 Qa5 23. Qxa5 Nxa5 24. Rc7 Rfd8 25. Bb6 Nc4 26. Bxc4 bxc4 27. Rxc4 Rdb8 28. Bf2 Kf8 29. Rc7 Ke8 30. g4 a5 31. Rd3 a4 32. Bc5 Rb2 33. f4 Rab8 34. Rh3 Rc2 35. Bb6 Rxc7 36. Rxh7 Rc1+ 37. Kf2 Rc2+ 38. Kg3 Bc6 39. Rh8+ Kd7 40. Rxb8 Rg2+ 41. Kh3 Bd5 42. Rd8+ Kc6 43. Rc8+ Kb5 44. d7 a3 45. d8=Q a2 46. Rc1 Rc2 47. Ra1 g5 48. Bd4 Kc4 49. Qc7+ Kb3 50. Qb6+ Ka4 51. fxg5 1-0

[Event "Quebec op"]
[Site "Montreal CAN"]
[Date "1989.07.26"]
[Round "5"]
[White "Bouton, Christophe"]
[Black "Lagasse, Pascal"]
[Result "0-1"]
[WhiteElo "2038"]
[BlackElo "1950"]
[PlyCount "70"]
[GameId "2160767912502567"]
[EventDate "1989.07.22"]
[EventType "swiss"]
[EventRounds "8"]
[EventCountry "CAN"]
[SourceTitle "hb 2009.04"]

1. e4 c5 2. Nf3 d6 3. d4 cxd4 4. Nxd4 Nf6 5. Nc3 g6 6. g3 Bg7 7. Bg2 O-O 8. O-O Nc6 9. Nde2 Bd7 10. h3 Rb8 11. a4 a6 12. b3 b5 13. axb5 axb5 14. Bb2 Qc8 15. Kh2 b4 16. Na4 Qc7 17. Qd2 Rfc8 18. Rfc1 Na7 19. Nd4 h5 20. h4 Bh6 21. f4 e5 22. Ne2 Bc6 23. Rf1 Bxe4 24. Rac1 Bxg2 25. Kxg2 Qc6+ 26. Kg1 Ng4 27. Qd3 Nb5 28. c4 bxc3 29. Nexc3 Nxc3 30. Rxc3 Qd7 31. Rxc8+ Qxc8 32. Rc1 Qe6 33. Rc4 Qe7 34. fxe5 dxe5 35. Nc5 Be3+ 0-1

[Event "Quebec op"]
[Site "Montreal CAN"]
[Date "1989.07.26"]
[Round "5"]
[White "Bray, Ronald"]
[Black "Klarner, William"]
[Result "1-0"]
[WhiteElo "1988"]
[BlackElo "2141"]
[PlyCount "59"]
[GameId "2160767912502568"]
[EventDate "1989.07.22"]
[EventType "swiss"]
[EventRounds "8"]
[EventCountry "CAN"]
[SourceTitle "EXT 2022"]
[Source "ChessBase"]
[SourceDate "2021.10.06"]
[SourceVersion "1"]
[SourceVersionDate "2021.10.06"]
[SourceQuality "1"]

1. c4 Nf6 2. g3 c6 3. Bg2 d5 4. cxd5 cxd5 5. Nf3 g6 6. b3 Bg7 7. Bb2 O-O 8. O-O e6 9. d4 b5 10. Ne5 Bb7 11. Nd2 Qb6 12. Nd3 Nbd7 13. b4 a5 14. a3 a4 15. Nc5 Rac8 16. Rc1 Rfd8 17. Rc2 Ne8 18. Qa1 Nd6 19. Rfc1 Rc7 20. Nxa4 Rxc2 21. Nxb6 Rxc1+ 22. Qxc1 Nxb6 23. Qc7 Rc8 24. Qxd6 Na4 25. Qd7 Nxb2 26. Qxb7 Rc1+ 27. Bf1 Bxd4 28. Nb3 Rd1 29. Nxd4 Rxd4 30. Qb8+ 1-0

[Event "Quebec op"]
[Site "Montreal CAN"]
[Date "1989.07.26"]
[Round "5"]
[White "Cazelais, Marc"]
[Black "David, Eric"]
[Result "1/2-1/2"]
[WhiteElo "2015"]
[BlackElo "1978"]
[PlyCount "53"]
[GameId "2160767912502569"]
[EventDate "1989.07.22"]
[EventType "swiss"]
[EventRounds "8"]
[EventCountry "CAN"]
[SourceTitle "hb 2009.04"]

1. d4 g6 2. c4 Bg7 3. Nc3 Nf6 4. e4 O-O 5. Nf3 d6 6. Be2 e5 7. O-O Nc6 8. d5 Ne7 9. Ne1 Nd7 10. Be3 f5 11. f3 f4 12. Bf2 g5 13. Nb5 a6 14. Na7 Ng6 15. Nxc8 Rxc8 16. Nd3 Nf6 17. c5 g4 18. Qb3 g3 19. hxg3 fxg3 20. Bxg3 Nh5 21. Bh2 Rb8 22. Qc3 Bh6 23. f4 Nhxf4 24. Nxf4 Nxf4 25. Bxf4 Bxf4 26. cxd6 cxd6 27. Bg4 1/2-1/2

[Event "Quebec op"]
[Site "Montreal CAN"]
[Date "1989.07.26"]
[Round "5"]
[White "Gagnon, Michel"]
[Black "Spraggett, Grant"]
[Result "0-1"]
[WhiteElo "2017"]
[BlackElo "2320"]
[PlyCount "92"]
[GameId "2160767912502571"]
[EventDate "1989.07.22"]
[EventType "swiss"]
[EventRounds "8"]
[EventCountry "CAN"]
[SourceTitle "EXT 2002"]
[Source "ChessBase"]
[SourceDate "2001.11.25"]
[SourceVersion "1"]
[SourceVersionDate "2001.11.25"]
[SourceQuality "1"]

1. e4 c6 2. Nc3 d5 3. Nf3 dxe4 4. Nxe4 Nf6 5. Nc3 g6 6. d4 Bg7 7. Bf4 Qb6 8. Qd2 Qxb2 9. Rb1 Qa3 10. Bc4 O-O 11. O-O Nbd7 12. Rb3 Qa5 13. Nd5 Qxd2 14. Nxe7+ Kh8 15. Nxd2 b5 16. Be2 Re8 17. Bf3 Rxe7 18. Bxc6 Nb6 19. Bxa8 Nxa8 20. Rxb5 Nb6 21. Ra5 Be6 22. Bb8 Nfd7 23. Bd6 Re8 24. c3 Rc8 25. Ne4 Bf5 26. Nc5 Nc4 27. Rxa7 Nxd6 28. Nxd7 Nb5 29. Rb7 Nxc3 30. Ne5 Ra8 31. Nxf7+ Kg8 32. Nd6 Bd3 33. Re1 Ne2+ 34. Kh1 Bxd4 35. Nf7 Rxa2 36. Nh6+ Kf8 37. Rxh7 Bg7 38. Ng4 Nf4 39. Rc1 Kg8 40. Rh4 g5 41. Nh6+ Kh7 42. Rxf4 gxf4 43. Ng4 Be2 44. f3 Bb2 45. Re1 Bd4 46. h3 Kg6 0-1

[Event "Quebec op"]
[Site "Montreal CAN"]
[Date "1989.07.26"]
[Round "5"]
[White "Levtchouk, George"]
[Black "Labelle, Jacques"]
[Result "0-1"]
[WhiteElo "2338"]
[BlackElo "2092"]
[PlyCount "70"]
[GameId "2160767912502573"]
[EventDate "1989.07.22"]
[EventType "swiss"]
[EventRounds "8"]
[EventCountry "CAN"]
[SourceTitle "FQE 08"]

1. d4 Nf6 2. c4 g6 3. Nc3 d5 4. cxd5 Nxd5 5. e4 Nxc3 6. bxc3 c5 7. Bb5+ Bd7 8. Bc4 Bg7 9. Qf3 O-O 10. Ne2 Nc6 11. Be3 cxd4 12. cxd4 Qa5+ 13. Kf1 e5 14. d5 Nd4 15. Bxd4 exd4 16. Rd1 Rac8 17. Bb3 f5 18. e5 Bxe5 19. g3 Qb4 20. Kg2 a5 21. Rb1 Qd6 22. a4 b5 23. axb5 Bxb5 24. Rhd1 a4 25. Ba2 Bc4 26. Bxc4 Rxc4 27. Rb5 Rd8 28. Rc1 Rdc8 29. Rcb1 R4c5 30. Kg1 Rxb5 31. Rxb5 Qa6 32. Rb1 a3 33. d6 Qxd6 34. Rb7 d3 35. Nf4 a2 0-1

[Event "Quebec op"]
[Site "Montreal CAN"]
[Date "1989.07.26"]
[Round "5"]
[White "Morin, Louis"]
[Black "Sauve, Richard"]
[Result "0-1"]
[WhiteElo "1919"]
[BlackElo "1849"]
[PlyCount "76"]
[GameId "2160767912502574"]
[EventDate "1989.07.22"]
[EventType "swiss"]
[EventRounds "8"]
[EventCountry "CAN"]
[SourceTitle "EXT 2022"]
[Source "ChessBase"]
[SourceDate "2021.10.06"]
[SourceVersion "1"]
[SourceVersionDate "2021.10.06"]
[SourceQuality "1"]

1. e4 d6 2. d4 Nf6 3. Nc3 g6 4. f3 c6 5. Be3 b5 6. Qd2 b4 7. Nd1 Qa5 8. a3 c5 9. c3 bxc3 10. Nxc3 cxd4 11. Bxd4 Nc6 12. b4 Nxb4 13. Bb5+ Bd7 14. Bxd7+ Kxd7 15. e5 Bh6 16. f4 Bxf4 17. Qd1 Nbd5 18. exf6 e5 19. Nge2 exd4 20. Qxd4 Rhe8 21. Qa4+ Qxa4 22. Nxa4 Re4 23. Rd1 Rae8 24. Rxd5 Rxe2+ 25. Kd1 Ra2 26. g3 Bh6 27. g4 Ra1+ 28. Kc2 Rxh1 29. g5 Rxh2+ 30. Kc3 Rh5 31. Ra5 Rc8+ 32. Kb4 Rb8+ 33. Kc4 Rb7 34. Rd5 Rc7+ 35. Kd3 Rxg5 36. Rd4 Rg3+ 37. Ke2 Rc2+ 38. Kf1 Be3 0-1

[Event "Quebec op"]
[Site "Montreal CAN"]
[Date "1989.07.26"]
[Round "5"]
[White "Roy, Guy"]
[Black "Angers, Gilles"]
[Result "0-1"]
[WhiteElo "1953"]
[BlackElo "1998"]
[PlyCount "105"]
[GameId "2160767912502575"]
[EventDate "1989.07.22"]
[EventType "swiss"]
[EventRounds "8"]
[EventCountry "CAN"]
[SourceTitle "hb 2009.04"]

1. e4 c6 2. d4 d5 3. Nc3 dxe4 4. Nxe4 Nf6 5. Ng3 e5 6. Nf3 exd4 7. Nxd4 Qd5 8. c4 Bb4+ 9. Bd2 Qe5+ 10. Be2 Bxd2+ 11. Qxd2 O-O 12. Nf3 Qc7 13. Rd1 Bg4 14. O-O Nbd7 15. Qg5 h6 16. Qh4 Ne5 17. Nxe5 Bxe2 18. Nd7 Nxd7 19. Nxe2 Nf6 20. Nd4 Rad8 21. Rde1 Qd7 22. Rd1 c5 23. Rd3 Qg4 24. Qxg4 Nxg4 25. h3 Nf6 26. Rfd1 Rxd4 27. Rxd4 cxd4 28. Rxd4 Rc8 29. b3 Kf8 30. b4 Ke7 31. c5 Rc6 32. a4 Ke6 33. f4 Rc7 34. Kf2 Rd7 35. Rc4 Kd5 36. Rc1 Rc7 37. Ke2 a5 38. Rd1+ Kc4 39. bxa5 Kb4 40. Rb1+ Kxa4 41. Kd3 Nd7 42. Kd4 Nxc5 43. Kd5 Kxa5 44. Kd6 Na6 45. g4 b5 46. Ra1+ Kb6 47. Rxa6+ Kxa6 48. Kxc7 b4 49. Kd6 b3 50. Ke7 b2 51. Kxf7 b1=Q 52. Kxg7 Qh1 53. Kxh6 0-1

[Event "Quebec op"]
[Site "Montreal CAN"]
[Date "1989.07.26"]
[Round "5"]
[White "Vallieres, Mario"]
[Black "Morin, Yves"]
[Result "0-1"]
[WhiteElo "2023"]
[BlackElo "2328"]
[PlyCount "67"]
[GameId "2160767912502576"]
[EventDate "1989.07.22"]
[EventType "swiss"]
[EventRounds "8"]
[EventCountry "CAN"]
[SourceTitle "hb 2009.04"]

1. d4 d5 2. Nc3 Nf6 3. Bg5 Nbd7 4. f3 c5 5. e4 cxd4 6. Qxd4 e5 7. Qa4 d4 8. Nd5 Be7 9. Bxf6 Bxf6 10. Qa3 Be7 11. Qxe7+ Qxe7 12. Nxe7 Kxe7 13. O-O-O Nb6 14. Bd3 Be6 15. Ne2 Rac8 16. b3 a5 17. Kb2 a4 18. Rhf1 Rc5 19. Rf2 Ra8 20. f4 f6 21. h3 Rca5 22. Nc1 Nd7 23. g4 h6 24. f5 Bf7 25. h4 axb3 26. axb3 Ra1 27. Rg1 R8a2+ 28. Nxa2 Rxg1 29. Be2 Nc5 30. Bf3 Bxb3 31. Nb4 Bc4 32. Rg2 Na4+ 33. Ka3 Ra1+ 34. Na2 0-1

[Event "Quebec op"]
[Site "Montreal CAN"]
[Date "1989.07.27"]
[Round "6"]
[White "Angers, Gilles"]
[Black "Levtchouk, George"]
[Result "1/2-1/2"]
[WhiteElo "1998"]
[BlackElo "2338"]
[PlyCount "73"]
[GameId "2160767912502577"]
[EventDate "1989.07.22"]
[EventType "swiss"]
[EventRounds "8"]
[EventCountry "CAN"]
[SourceTitle "hb 2009.04"]

1. e4 g6 2. d4 Bg7 3. c3 d6 4. f4 b6 5. Nf3 Bb7 6. Bd3 Nd7 7. O-O e5 8. Qe2 Qe7 9. Ba6 Bxa6 10. Qxa6 Ngf6 11. fxe5 dxe5 12. Qb5 O-O 13. dxe5 Nxe4 14. Qe2 Nec5 15. Bg5 Qe6 16. b4 Nb7 17. Bf4 Rae8 18. Re1 Nd6 19. Nbd2 Qg4 20. g3 Qh5 21. Rad1 Re7 22. Qg2 g5 23. Bxg5 f6 24. exd6 Rxe1+ 25. Rxe1 fxg5 26. Re7 Nf6 27. dxc7 Nd5 28. Rd7 g4 29. Nd4 Ne3 30. Rxg7+ Kxg7 31. Ne6+ Kg8 32. Nxf8 Qe8 33. Qf2 Nd1 34. Qf1 Qe3+ 35. Kh1 Qxd2 36. c8=Q Qd5+ 37. Kg1 1/2-1/2

[Event "Quebec op"]
[Site "Montreal CAN"]
[Date "1989.07.27"]
[Round "6"]
[White "Champetier, Serge"]
[Black "Berube, Richard"]
[Result "0-1"]
[WhiteElo "1929"]
[BlackElo "2156"]
[PlyCount "76"]
[GameId "2160767912502578"]
[EventDate "1989.07.22"]
[EventType "swiss"]
[EventRounds "8"]
[EventCountry "CAN"]
[SourceTitle "hb 2009.04"]

1. e4 c5 2. Nc3 Nc6 3. f4 e6 4. Bc4 Nge7 5. d3 d5 6. Bb3 g6 7. Nf3 Bg7 8. O-O O-O 9. Qe1 a6 10. a4 Nd4 11. Nxd4 cxd4 12. Nd1 dxe4 13. dxe4 Bd7 14. Nf2 Bc6 15. Nd3 b5 16. a5 Bb7 17. Bd2 Rc8 18. Bb4 Re8 19. Nc5 Qc7 20. Nxb7 Qxb7 21. Bd2 Red8 22. Rf3 Rc7 23. Rh3 Rcd7 24. f5 exf5 25. Qh4 h5 26. exf5 Nxf5 27. Qg5 Qc6 28. Rxh5 gxh5 29. Qxf5 Qf6 30. Qxh5 Qe5 31. Qf3 Qd6 32. Rf1 Qg6 33. Qf4 Re8 34. Rf3 Be5 35. Qh4 Kg7 36. Bh6+ Qxh6 37. Qg4+ Kf8 38. Qxd7 Bxh2+ 0-1

[Event "Quebec op"]
[Site "Montreal CAN"]
[Date "1989.07.27"]
[Round "6"]
[White "David, Eric"]
[Black "Vallieres, Mario"]
[Result "0-1"]
[WhiteElo "1978"]
[BlackElo "2023"]
[PlyCount "80"]
[GameId "2160767912502579"]
[EventDate "1989.07.22"]
[EventType "swiss"]
[EventRounds "8"]
[EventCountry "CAN"]
[SourceTitle "hb 2009.04"]

1. d4 f5 2. g3 Nf6 3. Bg2 e6 4. Nf3 Be7 5. O-O O-O 6. c4 d6 7. Nc3 a5 8. Re1 Ne4 9. Qc2 Nc6 10. d5 Nb4 11. Qb3 Na6 12. Nxe4 fxe4 13. Nd4 Nc5 14. Qc2 e5 15. Nb5 Bf5 16. Be3 Bg5 17. Bxc5 e3 18. Be4 dxc5 19. f3 Bh3 20. Bxh7+ Kh8 21. Qd3 Rf6 22. Bg6 Qd7 23. Nc3 Raa6 24. Bh5 Rh6 25. Bg4 Bxg4 26. fxg4 Qxg4 27. Qe4 Bf4 28. Qf3 Qh3 29. Qg2 Qf5 30. Ne4 Rag6 31. Rf1 Qg4 32. Qf3 Qh3 33. Qg2 Qg4 34. Qf3 Qc8 35. Kh1 Rh3 36. Qg2 Qg4 37. Qf3 Qh4 38. Qg2 Bxg3 39. Nxg3 Rgxg3 40. Rf8+ Kh7 0-1

[Event "Quebec op"]
[Site "Montreal CAN"]
[Date "1989.07.27"]
[Round "6"]
[White "Desforges, Jean"]
[Black "Bouton, Christophe"]
[Result "0-1"]
[WhiteElo "1944"]
[BlackElo "2038"]
[PlyCount "162"]
[GameId "2160767912502580"]
[EventDate "1989.07.22"]
[EventType "swiss"]
[EventRounds "8"]
[EventCountry "CAN"]
[SourceTitle "hb 2009.04"]

1. d4 Nf6 2. c4 e6 3. Nf3 d5 4. g3 dxc4 5. Bg2 c5 6. Qa4+ Bd7 7. Qxc4 Bc6 8. dxc5 Nbd7 9. O-O Bxc5 10. Nc3 Rc8 11. Qb3 O-O 12. Bf4 Qb6 13. Qxb6 Nxb6 14. Rfd1 Ng4 15. e3 Nc4 16. h3 Nf6 17. b3 Bb4 18. Ne2 Nb2 19. Rd4 Ba3 20. Ne5 Bxg2 21. Kxg2 Rc2 22. Ng1 Nd5 23. Nd3 Nxd3 24. Rxd3 Bb2 25. Rad1 Bf6 26. R3d2 Rfc8 27. Nf3 h6 28. Be5 Nb4 29. Bxf6 gxf6 30. a3 Nd5 31. e4 Nb6 32. Ne1 Rxd2 33. Rxd2 Rc1 34. Nd3 Rc3 35. a4 a5 36. Kf1 Rxb3 37. Nc5 Rb1+ 38. Ke2 Rb4 39. f3 Nxa4 40. Rd8+ Kg7 41. Nd3 Rb5 42. Rd4 Nc5 43. Nc1 Rb1 44. Rc4 b6 45. Ke3 a4 46. Rc3 Nb3 47. Nd3 a3 48. Rc2 Nc5 49. Nc1 Rb2 50. Rc3 a2 51. Ra3 Rb1 52. Nxa2 Ra1 53. Kd4 e5+ 54. Kd5 Ne6 55. Kc6 Nd4+ 56. Kxb6 Nxf3 57. Rxf3 Rxa2 58. Kc5 Rd2 59. Ra3 Rd4 60. Re3 Kg6 61. Kc6 Kg5 62. Kc5 h5 63. Kc6 h4 64. gxh4+ Kxh4 65. Kc7 Kg5 66. Re1 Rd3 67. Rh1 Re3 68. Rg1+ Kh5 69. Rf1 Rxe4 70. Rxf6 Rf4 71. Ra6 Rf3 72. Kd7 e4 73. Ra4 f5 74. Ke6 Kh4 75. Ra8 Kxh3 76. Rg8 Kh2 77. Ke5 e3 78. Kd4 f4 79. Ke4 Rf2 80. Kd3 e2 81. Re8 f3 0-1

[Event "Quebec op"]
[Site "Montreal CAN"]
[Date "1989.07.27"]
[Round "6"]
[White "Gaudreau, Alain"]
[Black "Morin, Louis"]
[Result "1/2-1/2"]
[WhiteElo "1739"]
[BlackElo "1951"]
[PlyCount "121"]
[GameId "2160767912502581"]
[EventDate "1989.07.22"]
[EventType "swiss"]
[EventRounds "8"]
[EventCountry "CAN"]
[SourceTitle "hb 2013"]

1. e4 e5 2. Nf3 d6 3. d4 Nf6 4. dxe5 Nxe4 5. Bc4 c6 6. O-O d5 7. Bd3 Nc5 8. Be2 Be7 9. c4 dxc4 10. Qxd8+ Bxd8 11. Bxc4 O-O 12. Ng5 h6 13. Nxf7 Rxf7 14. Bxf7+ Kxf7 15. f4 Nd3 16. Be3 Nb4 17. Na3 Nd5 18. Bd4 Bf5 19. Nc4 Be7 20. Nd6+ Bxd6 21. exd6 Nd7 22. Be5 Re8 23. a3 N5f6 24. Rae1 h5 25. Bxf6 Nxf6 26. Re5 g6 27. Rfe1 Re6 28. Rd1 Nd7 29. Ree1 Be4 30. Rf1 Bd5 31. f5 Rxd6 32. fxg6+ Kxg6 33. Rd3 Rf6 34. Rg3+ Kh6 35. Re1 Re6 36. Rxe6+ Bxe6 37. b4 Bd5 38. Re3 c5 39. bxc5 Bc6 40. Rc3 Kg5 41. g3 Kf5 42. Kf2 Ne5 43. h3 Ke4 44. g4 hxg4 45. hxg4 Nxg4+ 46. Ke2 Kd4 47. Kd2 Nf2 48. Rb3 Ne4+ 49. Kc1 Nxc5 50. Rb4+ Kc3 51. Kb1 Nd3 52. Rh4 a5 53. Rh3 a4 54. Rg3 Bd5 55. Rh3 Bc4 56. Rh2 b5 57. Rg2 Kb3 58. Rh2 Ne1 59. Ka1 Bd3 60. Rb2+ Kxa3 61. Rb3+ 1/2-1/2

[Event "Quebec op"]
[Site "Montreal CAN"]
[Date "1989.07.27"]
[Round "6"]
[White "Klarner, William"]
[Black "Cazelais, Marc"]
[Result "0-1"]
[WhiteElo "2141"]
[BlackElo "2015"]
[PlyCount "60"]
[GameId "2160767912502583"]
[EventDate "1989.07.22"]
[EventType "swiss"]
[EventRounds "8"]
[EventCountry "CAN"]
[SourceTitle "EXT 2022"]
[Source "ChessBase"]
[SourceDate "2021.10.06"]
[SourceVersion "1"]
[SourceVersionDate "2021.10.06"]
[SourceQuality "1"]

1. e4 e5 2. Bc4 Nf6 3. d3 c6 4. Nf3 d5 5. exd5 cxd5 6. Bb5+ Bd7 7. Bxd7+ Nbxd7 8. O-O Bd6 9. Re1 O-O 10. Bg5 Qc7 11. Nc3 a6 12. h3 Rac8 13. Re2 Rfe8 14. a3 b5 15. Qb1 e4 16. dxe4 dxe4 17. Nd4 h6 18. Bxf6 Nxf6 19. Qa2 Be5 20. Nf5 Bxc3 21. bxc3 Qe5 22. Ne3 Qxc3 23. Rd1 Red8 24. Rxd8+ Rxd8 25. a4 Qa5 26. Ng4 Nxg4 27. hxg4 Rd4 28. c3 Rxa4 29. Qd5 Qxc3 30. f3 Qd4+ 0-1

[Event "Quebec op"]
[Site "Montreal CAN"]
[Date "1989.07.27"]
[Round "6"]
[White "Labelle, Jacques"]
[Black "Billard, Michel"]
[Result "1/2-1/2"]
[WhiteElo "2092"]
[BlackElo "2086"]
[PlyCount "127"]
[GameId "2160767912502584"]
[EventDate "1989.07.22"]
[EventType "swiss"]
[EventRounds "8"]
[EventCountry "CAN"]
[SourceTitle "hb 2009.04"]

1. d4 Nf6 2. Nf3 b6 3. c4 Bb7 4. e3 e6 5. Bd3 Be7 6. O-O O-O 7. b3 Ne4 8. Bb2 f5 9. Qe2 d6 10. Nfd2 Nd7 11. Nc3 Ndf6 12. Rad1 Qe8 13. f3 Ng5 14. d5 Qg6 15. Nb5 c6 16. Nc7 Rac8 17. Nxe6 Nxe6 18. dxe6 Ne8 19. e4 f4 20. e5 Qxe6 21. Qe4 Qh6 22. exd6 Bxd6 23. Bd4 Rc7 24. Qe2 Re7 25. Ne4 c5 26. Bb2 Nf6 27. Qd2 Bxe4 28. Bxf6 Qxf6 29. Bxe4 Be5 30. Qd5+ Kh8 31. Rfe1 Bd4+ 32. Kh1 Re5 33. Qd7 Rh5 34. h3 Rd8 35. Bc6 Rf8 36. Re8 Re5 37. Rxf8+ Qxf8 38. Be4 Re7 39. Qd6 g6 40. Kh2 Kg7 41. Kh1 Qf7 42. Bd5 Qe8 43. Be4 Qf8 44. a4 Kh6 45. b4 Be5 46. Qd2 Bd4 47. a5 Qf6 48. axb6 axb6 49. bxc5 bxc5 50. Qa2 Qh4 51. Qa8 Rd7 52. Qg8 Ra7 53. Qf8+ Kh5 54. Qc8 Ra2 55. Qd7 Kh6 56. Qg4 Qxg4 57. fxg4 Kg5 58. Rc1 Kh4 59. Kh2 Be3 60. Re1 Bf2 61. Rc1 Bg3+ 62. Kg1 Re2 63. Bd5 Re3 64. Kf1 1/2-1/2

[Event "Quebec op"]
[Site "Montreal CAN"]
[Date "1989.07.27"]
[Round "6"]
[White "Morin, Yves"]
[Black "Bray, Ronald"]
[Result "1-0"]
[WhiteElo "2328"]
[BlackElo "1988"]
[PlyCount "47"]
[GameId "2160767912502585"]
[EventDate "1989.07.22"]
[EventType "swiss"]
[EventRounds "8"]
[EventCountry "CAN"]
[SourceTitle "EXT 2022"]
[Source "ChessBase"]
[SourceDate "2021.10.06"]
[SourceVersion "1"]
[SourceVersionDate "2021.10.06"]
[SourceQuality "1"]

1. e4 c5 2. Nc3 Nc6 3. g3 g6 4. Bg2 Bg7 5. d3 d6 6. Nh3 e5 7. f4 Nge7 8. O-O exf4 9. Nxf4 O-O 10. Be3 Nd4 11. Qd2 Rb8 12. Rf2 b5 13. Raf1 b4 14. Ncd5 Nxd5 15. Nxd5 Be6 16. Nf6+ Kh8 17. c3 Nc6 18. d4 Bc4 19. Bg5 bxc3 20. bxc3 Bxf1 21. Bxf1 cxd4 22. Qf4 dxc3 23. Qh4 h5 24. g4 1-0

[Event "Quebec op"]
[Site "Montreal CAN"]
[Date "1989.07.28"]
[Round "7"]
[White "Berube, Richard"]
[Black "Angers, Gilles"]
[Result "1-0"]
[WhiteElo "2156"]
[BlackElo "1998"]
[PlyCount "61"]
[GameId "2160767912502589"]
[EventDate "1989.07.22"]
[EventType "swiss"]
[EventRounds "8"]
[EventCountry "CAN"]
[SourceTitle "hb 2009.04"]

1. e4 c6 2. d4 d5 3. Nd2 dxe4 4. Nxe4 Nf6 5. Nxf6+ gxf6 6. c3 Bf5 7. Ne2 e6 8. Ng3 Bg6 9. h4 h6 10. h5 Bh7 11. Qf3 Nd7 12. Be2 Rg8 13. b4 Qc7 14. Ne4 f5 15. Nc5 Nxc5 16. Bf4 Bd6 17. Bxd6 Nd3+ 18. Bxd3 Qxd6 19. b5 Qd5 20. Qxd5 cxd5 21. g3 f6 22. c4 dxc4 23. Bxc4 Rg4 24. O-O e5 25. Bd5 O-O-O 26. Be6+ Kb8 27. dxe5 fxe5 28. Rfe1 e4 29. Red1 Re8 30. Bf7 Re7 31. Rac1 1-0